000 00401nam a2200169Ia 4500
008 230524s9999 xx 000 0 und d
020 _a9788129108180
082 _bBHA
100 _aChetan Bhagat
245 0 _aOne Night The Call
250 _a1
260 _aNew Delhi
_bRupa Pub
_c2011
300 _a"xi,254p;"
500 _aQuantity Number: 2
650 _aMiscellaneous
_91877
942 _cBK
999 _c52323
_d52323